|
|
|
|
| LEADER |
00000cam a2200000 c 4500 |
| 001 |
195549961 |
| 003 |
DE-627 |
| 005 |
20260206201527.0 |
| 007 |
tu |
| 008 |
960404s1970 gw ||||| 00| ||ger c |
| 010 |
|
|
|a 79546674
|
| 020 |
|
|
|a 3797100833
|9 3-7971-0083-3
|
| 035 |
|
|
|a (DE-627)195549961
|
| 035 |
|
|
|a (DE-603)08386945X
|
| 035 |
|
|
|a (DE-576)061924830
|
| 035 |
|
|
|a (DE-599)GBV195549961
|
| 035 |
|
|
|a (OCoLC)17288817
|
| 035 |
|
|
|a (OCoLC)17288817
|
| 035 |
|
|
|a (DE-604)8071391185
|
| 040 |
|
|
|a DE-627
|b ger
|c DE-627
|e rakwb
|
| 041 |
|
|
|a ger
|
| 044 |
|
|
|c XA-DE
|
| 050 |
|
0 |
|a HV6254
|
| 084 |
|
|
|a DX 4750
|2 rvk
|0 (DE-625)rvk/20340:267
|
| 084 |
|
|
|a PR 2210
|2 rvk
|0 (DE-625)rvk/139529:
|
| 084 |
|
|
|a 86.85
|2 bkl
|
| 245 |
0 |
4 |
|a Das Recht ein Mensch zu sein
|b Dokumente zur politischen Verfolgung
|c [hrsg. von Ingeborg Esterer ...]
|
| 264 |
|
1 |
|a Baden-Baden
|b Signal-Verl.
|c 1970
|
| 300 |
|
|
|a 184 S
|b Ill
|
| 336 |
|
|
|a Text
|b txt
|2 rdacontent
|
| 337 |
|
|
|a ohne Hilfsmittel zu benutzen
|b n
|2 rdamedia
|
| 338 |
|
|
|a Band
|b nc
|2 rdacarrier
|
| 583 |
1 |
|
|a Archivierung/Langzeitarchivierung gewährleistet
|f PEBW
|x XA-DE-BW
|2 pdager
|5 DE-31
|
| 583 |
1 |
|
|a Archivierung/Langzeitarchivierung gewährleistet
|f SLG
|x XA-DE-BW
|z BfZ
|2 pdager
|5 DE-24
|
| 583 |
1 |
|
|a Archivierung/Langzeitarchivierung gewährleistet
|f SSG
|x XA-DE-BW
|2 pdager
|5 DE-21
|
| 610 |
2 |
7 |
|0 (DE-588)2003911-6
|0 (DE-627)101468911
|0 (DE-576)191596671
|a Amnesty International
|2 gnd
|
| 650 |
|
0 |
|a Political prisoners
|
| 650 |
|
0 |
|a Concentration Camps
|
| 650 |
0 |
7 |
|0 (DE-588)4074725-6
|0 (DE-627)106088556
|0 (DE-576)209195088
|a Menschenrecht
|2 gnd
|
| 650 |
0 |
7 |
|0 (DE-588)4154191-1
|0 (DE-627)105525278
|0 (DE-576)209809299
|a Festnahme
|2 gnd
|
| 689 |
0 |
0 |
|d s
|0 (DE-588)4276272-8
|0 (DE-627)104423420
|0 (DE-576)210723971
|a Menschenrechtsverletzung
|2 gnd
|
| 689 |
0 |
1 |
|d s
|0 (DE-588)4076230-0
|0 (DE-627)104540710
|0 (DE-576)209201258
|a Politischer Gefangener
|2 gnd
|
| 689 |
0 |
|
|5 (DE-627)
|
| 700 |
1 |
|
|a Esterer, Ingeborg
|e Hrsg.
|0 (DE-588)106549588
|0 (DE-627)73725730X
|0 (DE-576)37943427X
|4 edt
|
| 935 |
|
|
|a mkri
|
| 935 |
|
|
|i Blocktest
|
| 935 |
|
|
|h HEB
|i 0501
|
| 935 |
|
|
|h HEB
|i 0503
|
| 936 |
r |
v |
|a DX 4750
|b Primärliteratur bis Erscheinungsjahr 2009
|k Pädagogik
|k Jugendliteratur
|k Sachbücher
|k Kinder- und Jugendsachbücher zu verschiedenen Bereichen
|k Religion, Philosophie,Sonstiges
|k Primärliteratur bis Erscheinungsjahr 2009
|0 (DE-627)1270702513
|0 (DE-625)rvk/20340:267
|0 (DE-576)200702513
|
| 936 |
r |
v |
|a PR 2210
|b Staat / Völkerrechtliche Verantwortlichkeit
|k Rechtswissenschaft
|k Völkerrecht
|k Einzelgebiete des Völkerrechts im Frieden
|k Staat / Völkerrechtliche Verantwortlichkeit
|0 (DE-627)1271239779
|0 (DE-625)rvk/139529:
|0 (DE-576)201239779
|
| 936 |
b |
k |
|a 86.85
|j Menschenrechte
|0 (DE-627)106413236
|
| 936 |
s |
n |
|a p100
|2 mzub
|
| 936 |
s |
n |
|a d100
|2 mzub
|
| 938 |
1 |
0 |
|0 (DE-627)1756198020
|0 (DE-615)6601261
|a Menschenrechtsverletzung
|2 fivt
|
| 938 |
1 |
0 |
|0 (DE-627)1756183023
|0 (DE-615)6605753
|a Politische Häftlinge
|2 fivt
|
| 951 |
|
|
|a BO
|
| ELC |
|
|
|b 1
|
| LOK |
|
|
|0 000 xxxxxcx a22 zn 4500
|
| LOK |
|
|
|0 001 3212053453
|
| LOK |
|
|
|0 003 DE-627
|
| LOK |
|
|
|0 004 195549961
|
| LOK |
|
|
|0 005 19981224000000
|
| LOK |
|
|
|0 008 981224||||||||||||||||ger|||||||
|
| LOK |
|
|
|0 040
|a DE-21
|c DE-627
|d DE-21
|
| LOK |
|
|
|0 852
|a DE-21
|
| LOK |
|
|
|0 852 1
|c 10 A 9712
|9 00
|
| LOK |
|
|
|0 935
|a kram
|a konv
|
| LOK |
|
|
|0 939
|a 24-12-98
|b l01
|
| LOK |
|
|
|0 000 xxxxxcx a22 zn 4500
|
| LOK |
|
|
|0 001 3212054190
|
| LOK |
|
|
|0 003 DE-627
|
| LOK |
|
|
|0 004 195549961
|
| LOK |
|
|
|0 005 20050426000000
|
| LOK |
|
|
|0 008 050426||||||||||||||||ger|||||||
|
| LOK |
|
|
|0 040
|a DE-Frei85
|c DE-627
|d DE-Frei85
|
| LOK |
|
|
|0 852
|a DE-Frei85
|
| LOK |
|
|
|0 852 1
|m p
|9 00
|
| LOK |
|
|
|0 938
|k p
|
| LOK |
|
|
|0 939
|a 26-04-05
|b l01
|
| ORI |
|
|
|a SA-MARC-krimdoka001.raw
|
| SIG |
|
|
|a UB: 10 A 9712
|